| 000 | 00665nam a2200229 a 4500 | ||
|---|---|---|---|
| 001 | 67095 | ||
| 003 | BD-RjUL | ||
| 005 | 20211209081620.0 | ||
| 008 | 170322s1963 maua 001 0 eng | ||
| 035 | _a(BD-RjUL)67226 | ||
| 040 |
_aDLC _cDLC _dBD-RjUL _beng |
||
| 041 | _aeng | ||
| 082 | 0 | 0 |
_a519.92 _223 _bORF 1963 |
| 100 | 1 |
_aOrganick, Elliott Irving, _d1925- _9198753 |
|
| 245 | 1 | 2 |
_aA Fortain primer / _cElliott I. Organick |
| 260 |
_aReading, Mass : _bAddison-Wesley Pub. Co. , _c1963. |
||
| 300 |
_a186 p. : _bill. ; _c28 cm. |
||
| 500 | _aIncludes index | ||
| 650 | 0 |
_aFORTRAN (Computer program language) _9198754 |
|
| 942 |
_2ddc _cBK |
||
| 999 |
_c67095 _d67095 |
||